Radnica

Uložené v:
Podrobná bibliografia
Hlavný autor: Jančovič, Lukáš (Autor)
Ďalší autori: Andráš, Milan (Vedúci práce)
Médium: Rukopis Kniha
Jazyk:Slovak
Vydavateľské údaje: 2021
Predmet:
On-line prístup:http://is.stuba.sk/zp/portal_zp.pl?podrobnosti=145879
Tagy: Pridať tag
Žiadne tagy, Buďte prvý, kto otaguje tento záznam!

MARC

LEADER 00000ntm a22000003a 4500
001 stuzp83895
003 SK-STU
005 20210619210644.5
007 ta
008 150427s2015----xo-----f-mn---000-0-slo-d
040 |a STU  |b slo 
041 0 |a slo 
100 1 |a Jančovič, Lukáš  |u 058180  |4 aut  |U FAD Fakulta architektúry a dizajnu  |T FAD Ústav architektúry občianskych budov  |X 93673  |U A8180  |Y 399  |7 93673 
242 0 1 |a Town Hall  |y eng 
245 1 0 |a Radnica 
260 |c 2021 
650 4 |a prístupné pre všetkých  |2 slo 
650 4 |a radnica  |2 slo 
650 4 |a sobášna sála  |2 slo 
650 4 |a marriage hall  |2 eng 
650 4 |a accessible to all  |2 eng 
650 4 |a town hall  |2 eng 
700 1 |a Andráš, Milan  |u 058180  |k Z1  |4 ths  |U FAD Fakulta architektúry a dizajnu  |T FAD Ústav architektúry občianskych budov  |X 4208  |U A8180  |Y 399  |7 A000004208 
856 4 |u http://is.stuba.sk/zp/portal_zp.pl?podrobnosti=145879